000 02395nam0a2200373 4500
001 RU\NLR\BIBL_A\011345071
005 20240921230309.0
010 _a9785990932821
_9200
021 _aRU
_b2017-8627
_9631
035 _a(RuMoRGB)008790456
035 _a(NLR Aleph) 011345071
090 _a11213334
_c11213334
100 _a20170313d2017 u y0rusy50 ca
101 0 _arus
102 _aRU
105 _aac j 000zy
200 1 _aМедицинское музееведение
_eсправочные материалы по истории медицины для студентов медицинских и фармацевтических вузов всех форм обучения
_fК.А. Пашков, Е.Е. Бергер, Г.Г. Слышкин [и др.]
_gЦентр развития историко-медицинских музеев Российской Федерации Минздрава России, Московский государственный медико-стоматологический университет им. А.И. Евдокимова, Кафедра истории медицины, Российское общество историков медицины
210 _aМосква
_cМагистраль
_d2017
215 _a351 с.
_cил., цв. ил., портр.
_d24
300 _aНа обороте тит. л. авт.: Пашков К.А. - д.м.н., проф., Бергер Е.Е. - к.ист.н., доц., Слышкин Г.Г. - д.филол.н., проф.
320 _aБиблиогр. в конце разд.
606 1 _aМедицинские музеи
_jСправочники
_yРоссийская Федерация
_92561781
_3RU\NLR\AUTH\661515378
606 1 _aМедицинские музеи
_jСправочники
_yЗарубежные страны
_92320120
_3RU\NLR\AUTH\6601613001
686 _aР.е(0)л6я2
_2rubbk
686 1 _aР.е(2)л6я22
686 1 _aР.е(0)л6я22
701 1 _7ca
_8rus
_aПашков
_bК. А.
_cд-р мед. наук
_f1976-
_gКонстантин Анатольевич
_9206676
_3RU\NLR\AUTH\770206728
701 1 _aБергер
_bЕ. Е.
_gЕлена Евгеньевна
701 1 _aСлышкин
_bГ. Г.
_gГеннадий Геннадьевич
942 _cBOOK
980 _aNBR